| 000 | 00755nam a2200289 a 4500 | ||
|---|---|---|---|
| 001 | 34348 | ||
| 003 | AR-BaAGN | ||
| 005 | 20231222134628.0 | ||
| 007 | ta | ||
| 008 | 220625s1974 ag |||||r|||| ||||||spa d | ||
| 040 |
_dAR-BaAGN _bspa _aAR-BaAGN _eaacr |
||
| 100 | 1 |
_aBarba, Enrique M., _d1909-1988 _96793 |
|
| 245 | 1 | 0 | _aUnitarios y Federales |
| 250 | _a1ª ed. | ||
| 260 |
_aBuenos Aires : _bGranica, _c1974. |
||
| 300 | _a196 páginas | ||
| 336 |
_2rdacontent _btxt |
||
| 337 |
_2rdamedia _bn |
||
| 338 |
_2rdacarrier _bnc |
||
| 490 | 0 | _aClaves de historia argentina | |
| 650 | 4 |
_aPOLÍTICA _92164 |
|
| 651 | 4 |
_aArgentina _93645 |
|
| 700 | 1 |
_aGodio, Julio _eaui _ecom |
|
| 942 |
_cLIBRO _n0 |
||
| 999 |
_c34348 _d34348 |
||